| 000 | 00426nam a2200169Ia 4500 | ||
|---|---|---|---|
| 008 | 230524s9999 xx 000 0 und d | ||
| 020 | _a97881126512645 | ||
| 082 |
_a658.45 _bJON |
||
| 100 | _aCharles P.Jones | ||
| 245 | 0 | _a"Investments Analysis And Management, " | |
| 250 | _a9TH | ||
| 260 |
_aNEW DELHI _bJohn Wiley _c2004 |
||
| 300 | _aXXVI;629 | ||
| 500 | _aQuantity Number: 4 | ||
| 650 | _aManagement | ||
| 942 | _cBK | ||
| 999 |
_c42335 _d42335 |
||